On the detection of collusion and predation

Gespeichert in:
Bibliographische Detailangaben
1. Verfasser: Phlips, Louis
Format: Buch
Sprache:Englisch
Veröffentlicht: San Domenico (FI) European University Institute 1995
Schriftenreihe:EUI Working paper ECO No. 95/35
Schlagworte:
Tags: Tag hinzufügen
Keine Tags, Fügen Sie das erste Tag hinzu!

MARC

LEADER 00000nam a2200000 4500
001 c134258
005 20221123112619.3
041 0 |a eng 
044 |a IT 
245 1 0 |a On the detection of collusion and predation  |c Louis Phlips 
264 1 |a San Domenico (FI)  |b European University Institute  |c 1995 
300 |a 26 s. 
490 1 |a EUI Working paper ECO  |v No. 95/35 
830 0 |a EUI Working paper ECO  |v No. 95/35 
610 2 0 |a konkurencia 
610 2 0 |a teória hier 
610 2 0 |a teória hier 
100 1 |a Phlips, Louis